[Event "FRA-chT U20a 0405"]
[Site "France"]
[Date "2005.05.15"]
[Round "9.10"]
[White "Catherine, Pierre Emmanuel"]
[Black "Tarazi, Louis"]
[Result "1-0"]
[WhiteElo "1290"]
[BlackElo "1290"]
[PlyCount "37"]
[EventDate "2004.11.19"]
[EventType "team"]
[EventRounds "11"]
[EventCountry "FRA"]
[SourceTitle "EXT 2006"]
[Source "ChessBase"]
[SourceDate "2005.11.24"]
[SourceVersion "1"]
[SourceVersionDate "2005.11.24"]
[SourceQuality "1"]

1. e4 d5 2. exd5 Qxd5 3. Nc3 Qa5 4. d4 Nf6 5. Nf3 c6 6. Bc4 Bg4 7. Bf4 Nbd7 8. Be5 e6 9. 0-0 Be7 10. h3 Bh5 11. Qe1 0-0 12. g4 Bg6 13. g5 Nh5 14. Nh4 Bxc2 15. Rc1 Be4 16. Qxe4 Bxg5 17. Bd3 Nhf6 18. Bxf6 Bxf6 19. Qxh7# 1-0

[Event "FRA-chT U20 0405"]
[Site "Lyon"]
[Date "2004.12.20"]
[Round "7.8"]
[White "Tarazi, Louis"]
[Black "Fischer, Julie"]
[Result "0-1"]
[WhiteElo "1040"]
[BlackElo "1270"]
[PlyCount "56"]
[EventDate "2004.11.??"]
[EventType "team"]
[EventRounds "7"]
[EventCountry "FRA"]
[SourceTitle "EXT 2006"]
[Source "ChessBase"]
[SourceDate "2005.11.24"]
[SourceVersion "1"]
[SourceVersionDate "2005.11.24"]
[SourceQuality "1"]
[WhiteTeam "Marseille Duchamps"]
[BlackTeam "Bischwiller"]
[WhiteTeamCountry "FRA"]
[BlackTeamCountry "FRA"]

1. d4 d5 2. Nc3 Nc6 3. Nf3 Bf5 4. Bf4 Nf6 5. Nb5 e6 6. Nxc7+ Kd7 7. Nxa8 Qxa8 8. e3 Bb4+ 9. c3 Ba5 10. b4 Bb6 11. Qa4 a6 12. b5 axb5 13. Ne5+ Ke7 14. Qxb5 Nxe5 15. dxe5 Nd7 16. Bg5+ f6 17. Qb4+ Bc5 18. exf6+ gxf6 19. Bh6 Bxb4 20. cxb4 Qc8 21. Bb5 Qc3+ 22. Ke2 Qb2+ 23. Kf3 Be4+ 24. Kg3 Qe5+ 25. f4 Qc3 26. a3 Qxe3+ 27. Kh4 Bxg2 28. Rhg1 Qh3# 0-1